000 00733nam a2200253Ia 4500
003 OSt
005 20221005101800.0
006 a|||||r|||| 00| 0
007 ta
008 221004b |||||||| |||| 00| 0 eng d
024 _a27311
037 _cTextual
040 _aCRL
_cCRL
_beng
041 _2eng
_aeng
082 _aA.19B, M2
100 _aSardar Ziauddin
245 0 _aScience and technology in the Middle East
_b A guide to issues, organisations and institutions
260 _aU S A
_bLongman
_c1982
300 _a285p
_ccm.
490 _aLongman guide to world science and technology ,1982)
650 _aSCIENCE
942 _hA.19B, M2
_cTEXL
_2cc
999 _c1007361
_d1007361